| 000 | 00564nam a2200169Ia 4500 | ||
|---|---|---|---|
| 008 | 240729s9999 xx 000 0 und d | ||
| 022 | _a2664-2735 | ||
| 245 | 0 | _aEast European Historical Bulletin | |
| 260 | _aUkraine | ||
| 260 | _bDrohobych Ivan Franko State Pedagogical University | ||
| 650 | _a History (General) | History (General) and history of Europe | ||
| 650 | _a History of Eastern Europe | ||
| 650 | _aHistory (General) and history of Europe | ||
| 856 | _uhttps://doaj.org/toc/838baaea065640908e770789d8dd0164 | ||
| 942 | _2ddc | ||
| 942 | _cDOAJEJ | ||
| 999 |
_c69023 _d69023 |
||
| 945 |
_a1 _bMadushi Gamage _c1 _dMadushi Gamage |
||